000 00248nam a2200109Ia 4500
999 _c5826
_d5826
020 _a9789696375012
100 _aSultan Ayoub
245 0 _aMEO's Human Physiology systemic applied
260 _aKarachi
_bParamount
_c2019
300 _a279
942 _cBK